Towards a global, Christian movement for eco-justice : (Record no. 9689)

MARC details
000 -LEADER
fixed length control field 00578nam a22001697a 4500
003 - CONTROL NUMBER IDENTIFIER
control field GBCCL
005 - DATE AND TIME OF LATEST TRANSACTION
control field 20241126110717.0
008 - FIXED-LENGTH DATA ELEMENTS--GENERAL INFORMATION
fixed length control field 230501b ||||| |||| 00| 0 eng d
020 ## - INTERNATIONAL STANDARD BOOK NUMBER
International Standard Book Number 9788184655063
020 ## - INTERNATIONAL STANDARD BOOK NUMBER
International Standard Book Number 8184655061
040 ## - CATALOGING SOURCE
Transcribing agency GBC
082 ## - DEWEY DECIMAL CLASSIFICATION NUMBER
Classification number 261.88
Item number TOW
245 ## - TITLE STATEMENT
Title Towards a global, Christian movement for eco-justice :
Remainder of title young voices from North America /
Statement of responsibility, etc. Shantha Ready Alonso (Editor)
260 ## - PUBLICATION, DISTRIBUTION, ETC.
Place of publication, distribution, etc. Delhi, New York,
Name of publisher, distributor, etc. ISPCK ; WSCF-North America Region,
Date of publication, distribution, etc. 2015
300 ## - PHYSICAL DESCRIPTION
Extent xiv, 138 pages :
Other physical details illustrations (black and white) ;
Dimensions 22 cm
942 ## - ADDED ENTRY ELEMENTS (KOHA)
Source of classification or shelving scheme Dewey Decimal Classification
Koha item type Books
Koha issues (borrowed), all copies 1
Holdings
Withdrawn status Lost status Source of classification or shelving scheme Damaged status Not for loan Home library Current Library Shelving location Date acquired Total checkouts Full call number Barcode Date last seen Date last checked out Copy number Price effective from Koha item type
    Dewey Decimal Classification     GRACE BIBLE COLLEGE GRACE BIBLE COLLEGE Ministry & Mission 2023-05-01 2 261.88 TOW 016189 2025-05-01 2025-02-03 c.1 2023-05-01 Books
© Grace Bible College Library 2025